เปลี่ยนเป็นภาษาไทย

Change to English
 แสดงรายละเอียดบรรณานุกรม
  กลับหน้าหลัก

Brief Record : Get Marc (ISO 2709) : E-mail record : QR code ปิดหน้าต่าง
LEADER 00000nam 2200000uu 4500
001    17592
003     ULIBM
008    020711s2537 th a 000 0 tha d
020    974-7965-74-7
100    วีรชัย ตันติวีระวิทยา เรียบเรียง
245    ดั้นด้นหาความเป็นเลิศ
260    กรุงเทพฯ :^bบริษัท เอช.เอ็น.กรุ๊ป จำกัด,^c2537
300    222 หน้า
รายการนี้ยังไม่มีแท็ก
คุณยังไม่ได้ล็อกอิน คุณสามารถมีกิจกรรมร่วมกับเว็บไซต์ได้ แต่ต้องล็อกอินก่อน ::
  ล็อกอิน
ลำดับที่ ประเภท เลขเรียก/บาร์โค้ด สถานที่ สถานะ
1. หนังสือ
หนังสือ
2537  
  Barcode: 0002922
หนังสือทั่วไป On Shelf
   [แสดง 1/1 รายการ]

BibComment


ยังไม่เคยถูกคอมเมนท์

คอมเมนท์ทรัพยากรรายการนี้
  คอมเมนท์: ดั้นด้นหาความเป็น..
Bib 17592


 Union Library Management : ULibM
Copyright 2026. All Rights Reserved.